000 00593nam a22002057a 4500
999 _c6355
_d6355
003 OSt
005 20191021142309.0
008 191021b ||||| |||| 00| 0 eng d
020 _a0130622680
040 _cDNLM
082 _aWY100 F963a 2000
100 _aKozier, Barbara [et..al].
_96200
245 _a Fundamentals of Nursing: the nature of nursing practice in Canada
250 _aCanadian ed.
260 _aToroto;
_bPrentice Hall,
_c2000
300 _axxxv,1462p;
_bCol.ill:
_c28cm
504 _aAppendices, glossary, & index included
650 _aNursing
_9135
942 _2z
_cO_SHELF